000
00312nam a22001337a 4500
008
190225b xxu||||| |||| 00| 0 eng d
020
_a
9780815166283
041
_a
eng
080
_2
2nd
_a
610
100
_a
4
101
_a
SHM
245
_a
Diagnostic and Laboratory Test Reference
_c
Pagana,
942
_2
udc
_c
BK
999
_c
54176
_d
54176